01071nam a2200265Ia 450000500170000000800410001702000180005810000300007624500560010625000360016230000250019849000250022350002120024865000400046065000440050065000310054465000490057570000210062426400260064533600270067133700330069833800280073104000350075908400110079420220317001312.0161108s2001 sp g 000 0 spa  a97884206351381 aGraves, Robertd1895-198510aClaudio el dios y su esposa MesalinacRobert Graves a1a. ediciónb4a reimpresión a640 páginasc17 cm aEl libro de bolsillo aTítulo original: Claudius the God and his Wife Messalina -- En portada : " El turbulento reinado de Tiberio Claudio César, emperador de los romanos (nacido en el año 10 a. de C., muerto en el año 54)142LEMBaNovela inglesa ySiglo XIX-XX142LEMBaLiteratura inglesa ySiglo XIX-XX142LEMB aNovela histórica 142LEMB aEmperadores romanos en la literatura 1 aMazía, Floreal aMadridbAlianzac2001 atextobtxt2rdacontent asin mediaciónbn2rdamedia avolumenbnc2rdacarrier aCO-BoRNBPbspaerdacCO-BoRNBP aN GRA3